000 00731nam a2200229 a 4500
005 20210219153052.0
008 991125n 000 0 u
035 _aUPN01000075573
100 1 _aGutiérrez T. Formoso, Alberto
222 _aEDUCACION Y DESARROLLO
245 _aElementos constitutivos de las instituciones educativas en la historia de México III : la obra educativa oficial en la colonia
260 _aGuadalajara, México
300 _a2-5
362 0 _a1985-1986 Año 8, vol. 8, nos. 89-90, dic.-ene.
653 0 _aCASTELLANIZACION
653 0 _aCURRICULUM
653 0 _aHISTORIA
653 0 _aINSTITUCIONES EDUCATIVAS
653 0 _aSISTEMA EDUCATIVO
904 _aAC
_b013384
905 _aArticulo
999 _c67608
_d67608